00697nam a2200229Ia 4500003000900000008004100009020001800050040001600068080001500084100002300099245003900122260003000161300001400191490004000205650002600245650002200271650001700293650001900310942000700329999001500336952011600351IN-BaIIA211028s9999 xx 000 0 eng d a0-85274-160-X cIIA Library a535.8bPAL aPalmer, J. M97239 0aLens aberration datacJ. M. Palmer aLondonbAdam Hilgerc1971 axi, 118p. aMonographs on applied optics; no. 1 aLens aberration97240 aLens design97241 aLenses92979 aNASA thesaurus cBK c4100d4100 00104070aBANbBANcGENd1973-02-23g95.40l0o535.8/ PALp4572r2021-11-05v95.40w1973-02-23yBKGRs. 95.40